000 00735nam a22002417a 4500
005 20250807123434.0
008 250807b |||||||| |||| 00| 0 eng d
020 _a978-1-137-37980-1 (pbk)
037 _cTB
040 _aAL
_cAL
041 _2ENG
_aENG
084 _aO111,2J64g Q5
_qAL
100 _aBotvinick, Marshall
_9817445
245 _aBen Jonson volpone
260 _aNew York, USA:
_bPalgrave,
_c2015
300 _aix,133p.
365 _b19.99
_cEURO
650 _aSHAKESPEARE, WILLIAM
650 _aEnglish Literature
650 _aEnglish Drama
942 _2CC
_cTB
_hO111,2J64g Q5
_n0
999 _c1434608
_d1434608